[Event "EU-chT Seniors 04th"]
[Site "Dresden"]
[Date "2002.02.27"]
[Round "4.3"]
[White "Beckel, Friedrich"]
[Black "Gruenig, Siegfried"]
[Result "1/2-1/2"]
[WhiteElo "2031"]
[BlackElo "1792"]
[EventDate "2002.02.25"]
[PlyCount "126"]

1.e4 c5 2.Nf3 a6 3.c3 Nf6 4.e5 Nd5 5.d4 cxd4 6.Bc4 e6 7.Bxd5 exd5 8.Qxd4 
Be7 9.O-O O-O 10.Qxd5 d6 11.Be3 Nc6 12.exd6 Be6 13.Qh5 Qxd6 14.Nbd2 f6 15.
Nd4 Nxd4 16.Bxd4 Bf7 17.Qg4 Be6 18.Qg3 Qxg3 19.hxg3 Rac8 20.Rfe1 Kf7 21.
Re3 Rfe8 22.a4 Bf8 23.Kf1 Bd5 24.Rxe8 Rxe8 25.f3 Bd6 26.Kf2 Bf8 27.Rh1 Kg8
28.a5 Bd6 29.Rd1 Bc6 30.Nc4 Bf8 31.Rd2 Rd8 32.b4 Kf7 33.Bb6 Rxd2+ 34.Nxd2 
Bd6 35.Bd4 Be7 36.Ke3 Bd6 37.g4 Bc7 38.Nb3 Bd6 39.Bc5 Be5 40.Kd3 Ba4 41.
Nd2 Bf4 42.Be3 Be5 43.Ne4 Bc6 44.Bd4 Bc7 45.c4 Bb8 46.Nc3 Bd7 47.b5 Bc7 
48.bxa6 bxa6 49.Bb6 Be5 50.Nd5 Bc6 51.Nb4 Bb7 52.c5 Bg3 53.c6 Bc8 54.Ke4 
Bd6 55.Nd5 g6 56.Ne3 Ke6 57.f4 Bb4 58.Nc4 f5+ 59.gxf5+ gxf5+ 60.Kd4 Be1 
61.Ne5 Bg3 62.Ke3 Be1 63.Nf3 Bc3 1/2-1/2

[Event "EU-chT Seniors 04th"]
[Site "Dresden"]
[Date "2002.02.27"]
[Round "4.3"]
[White "Golcman, Evgeny"]
[Black "Schurig, Wilhelm"]
[Result "1-0"]
[WhiteElo "2225"]
[BlackElo "1959"]
[EventDate "2002.02.25"]
[PlyCount "22"]

1.c4 g6 2.Nc3 Bg7 3.d4 c5 4.Nf3 cxd4 5.Nxd4 Nc6 6.Nc2 Nf6 7.g3 d6 8.Bg2 
O-O 9.O-O Be6 10.b3 Qc8 11.Re1 Bh3 {Nicht nachvollziehbar in der weiteren 
Folge.} 1-0

[Event "EU-chT Seniors 04th"]
[Site "Dresden"]
[Date "2002.02.27"]
[Round "4.3"]
[White "Gradl, Rudolf"]
[Black "Lenk, Wolfgang"]
[Result "0-1"]
[WhiteElo "1710"]
[BlackElo "2185"]
[EventDate "2002.02.25"]
[PlyCount "78"]

1.Nf3 Nf6 2.c4 g6 3.g3 Bg7 4.Bg2 O-O 5.O-O d6 6.Nc3 Nc6 7.d4 a6 8.e3 Rb8 
9.b3 Bg4 10.h3 Bxf3 11.Qxf3 e5 12.Qd1 Nd7 13.Ne2 exd4 14.exd4 Re8 15.Be3 
Ne7 16.Rb1 Nf5 17.Qd2 Nxe3 18.fxe3 Bh6 19.Nf4 c6 20.Rbe1 Nf6 21.Bf3 d5 22.
Qf2 Qd7 23.Kh2 Ne4 24.Qg2 f5 25.h4 Re7 26.Nd3 Qc7 27.Ne5 Bg7 28.Bxe4 dxe4 
29.Qf2 Bxe5 30.dxe5 Rd8 31.h5 Qxe5 32.hxg6 hxg6 33.Qf4 Rd2+ 34.Kg1 Qxf4 
35.gxf4 Rxa2 36.Rf2 Rxf2 37.Kxf2 Rd7 38.Ke2 Rd3 39.Rb1 Kf7 0-1

[Event "EU-chT Seniors 04th"]
[Site "Dresden"]
[Date "2002.02.27"]
[Round "4.3"]
[White "Harzer, Paul"]
[Black "Eis, Helko"]
[Result "1/2-1/2"]
[WhiteElo "2015"]
[BlackElo "2108"]
[EventDate "2002.02.25"]
[PlyCount "91"]

1.d4 Nf6 2.Nf3 d6 3.Nc3 Bg4 4.e4 c6 5.Be2 Nbd7 6.Bf4 Bxf3 7.Bxf3 e5 8.Be3 
Be7 9.O-O O-O 10.Bg4 Nxg4 11.Qxg4 Qc7 12.f4 f5 13.exf5 exd4 14.Bxd4 Bf6 
15.Bxf6 Nxf6 16.Qf3 Rae8 17.b3 Qb6+ 18.Qf2 Qa5 19.Qd4 Qxf5 20.Qxd6 Qxc2 
21.Rac1 Qf5 22.Rce1 Ng4 23.h3 Ne3 24.Rf3 Rd8 25.Qe5 Qxe5 26.fxe5 Rxf3 27.
gxf3 Rd3 28.Ne4 Nc2 29.Rf1 b5 30.Rf2 Nd4 31.Kg2 Kf8 32.Rd2 Nxf3 33.Rf2 Ke7
34.Rxf3 Rd5 35.Ng3 g6 36.Re3 Ke6 37.Kf3 Rxe5 38.Rxe5+ Kxe5 39.Ke3 h6 40.
Ne2 c5 41.Nc3 g5 42.Ne4 a6 43.a3 Kf5 44.Nd6+ Ke6 45.Ne4 Kf5 46.Nd6+ 
1/2-1/2

[Event "EU-chT Seniors 04th"]
[Site "Dresden"]
[Date "2002.02.27"]
[Round "4.3"]
[White "Kristiansen, Erling"]
[Black "Krueger, Erich"]
[Result "1-0"]
[WhiteElo "2246"]
[BlackElo "2215"]
[EventDate "2002.02.25"]
[PlyCount "59"]

1.d4 Nf6 2.c4 g6 3.Nf3 d6 4.Nc3 Bg7 5.e4 O-O 6.Be2 e5 7.O-O Na6 8.Be3 Ng4 
9.Bg5 Qe8 10.h3 exd4 11.Nd5 f6 12.Bc1 Nh6 13.Nxd4 Qxe4 14.Bf3 Qe8 15.Re1 
Qd8 16.Ne7+ Kh8 17.Nec6 bxc6 18.Nxc6 Qd7 19.Re7 Ng8 20.Rxd7 Bxd7 21.Bd2 
Nc5 22.Bc3 Rae8 23.Nxa7 Ne4 24.Bxe4 Rxe4 25.Qd5 Rfe8 26.Nc6 Re2 27.a4 Ne7 
28.Nxe7 R2xe7 29.a5 Bf5 30.f3 1-0

[Event "EU-chT Seniors 04th"]
[Site "Dresden"]
[Date "2002.02.27"]
[Round "4.3"]
[White "Landgraf, Siegfried"]
[Black "Tochtermann, Georg"]
[Result "1-0"]
[WhiteElo "2074"]
[BlackElo "1875"]
[EventDate "2002.02.25"]
[PlyCount "113"]

1.Nf3 Nf6 2.g3 b6 3.Bg2 Bb7 4.d4 d6 5.O-O g6 6.c4 Bg7 7.Nc3 O-O 8.Qc2 Nbd7
9.e4 e5 10.d5 Re8 11.Ne1 h6 12.Nd3 g5 13.Bd2 Nf8 14.Rae1 Ng6 15.Kh1 Bc8 
16.Qc1 Bd7 17.Ne2 Qc8 18.Ng1 Kh7 19.f3 Ng8 20.Qc2 f5 21.Rf2 f4 22.g4 Nf6 
23.h3 a5 24.b3 h5 25.Bf1 Rh8 26.Be2 Kg8 27.Kg2 Kf7 28.Bc3 hxg4 29.hxg4 
Nh4+ 30.Kf1 Kg6 31.a3 Rh6 32.Ra1 Rh8 33.Bb2 Nxf3 34.Bxf3 Bxg4 35.Qe2 Bxf3 
36.Qxf3 Nh5 37.Ke1 g4 38.Qg2 Rf8 39.Kd2 Bh6 40.Kc2 g3 41.Nf3 Kh7 42.Re2 a4
43.Rh1 axb3+ 44.Kxb3 Qg4 45.Rh4 Qg6 46.Qh3 Nf6 47.Bxe5 dxe5 48.Ndxe5 Qg7 
49.Qf5+ Kg8 50.Ng6 Rfe8 51.e5 Nh7 52.Rg4 Nf6 53.exf6 Rxe2 54.Ne7+ Rxe7 55.
fxe7 Kh8 56.Rxg7 Bxg7 57.Ng5 1-0

[Event "EU-chT Seniors 04th"]
[Site "Dresden"]
[Date "2002.02.27"]
[Round "4.3"]
[White "Neudel, Bernd"]
[Black "Meier, Wolfgang"]
[Result "0-1"]
[WhiteElo "1767"]
[BlackElo "2102"]
[EventDate "2002.02.25"]
[PlyCount "137"]

1.d4 f5 2.c4 Nf6 3.Nc3 g6 4.g3 Bg7 5.Bg2 d6 6.Nf3 Nc6 7.O-O O-O 8.a3 e5 9.
dxe5 Nxe5 10.Nxe5 dxe5 11.e4 c6 12.Qc2 Be6 13.b3 Qe7 14.Bd2 Rac8 15.Qb2 
Nd7 16.f3 f4 17.Be1 g5 18.g4 Rfd8 19.Bf2 b6 20.Rfd1 Nc5 21.Bf1 Bf7 22.Be2 
Ne6 23.Kg2 Nd4 24.Bf1 Rd7 25.Rd2 Rcd8 26.Rad1 Bf8 27.Nb1 Qf6 28.Nc3 Be6 
29.h3 h5 30.Ne2 c5 31.Nxd4 cxd4 32.Bd3 Rh7 33.Rh1 Qe7 34.a4 Qf6 35.Be2 
Rdd7 36.Rdd1 Bb4 37.Qc2 Rh6 38.Rh2 Rdh7 39.Rdh1 Qh8 40.Qd3 hxg4 41.fxg4 
Qg7 42.Rd1 Qd7 43.Qf3 Qc6 44.Qd3 Bc8 45.Qf3 Bb7 46.Bd3 Rf6 47.Rdh1 Qd7 48.
Rd1 Bc6 49.Be2 Qb7 50.Bd3 a6 51.Rhh1 Rf8 52.Be1 Bxe1 53.Rhxe1 Qe7 54.Be2 
Qb4 55.Qd3 Kg7 56.Rh1 Kf6 57.Rc1 Ke6 58.Rhf1 Rfh8 59.Rh1 Kd7 60.Rc2 Kc7 
61.Rcc1 Kb7 62.Rb1 Ka7 63.Rbc1 Rc7 64.Kf3 Bb7 65.Kg2 Rh6 66.Rc2 Kb8 67.
Rhc1 Qe7 68.Rh1 Qh7 69.Bf3 0-1

[Event "EU-chT Seniors 04th"]
[Site "Dresden"]
[Date "2002.02.27"]
[Round "4.3"]
[White "Petzold, Rolf"]
[Black "Morgner, Siegfried"]
[Result "1/2-1/2"]
[WhiteElo "1640"]
[BlackElo "1730"]
[EventDate "2002.02.25"]
[PlyCount "87"]

1.d4 Nf6 2.c4 d6 3.Nc3 g6 4.e4 Bg7 5.Nf3 c5 6.dxc5 Qa5 7.Bd2 Qxc5 8.Be2 
Be6 9.Rc1 a6 10.O-O O-O 11.Be3 Qb4 12.b3 Ng4 13.Bd2 Qb6 14.Na4 Qd8 15.h3 
Nf6 16.Qc2 Bd7 17.Nc3 Nc6 18.a3 Rb8 19.Be3 Qa5 20.Nb1 Rfc8 21.b4 Qd8 22.
Nc3 b5 23.cxb5 axb5 24.Qd2 Ne5 25.Nxe5 dxe5 26.Rfd1 Qe8 27.Bg5 Bc6 28.f3 
Rd8 29.Qe3 Nh5 30.Kh2 f6 31.Bh4 Nf4 32.Bf1 Ne6 33.Rxd8 Rxd8 34.Rd1 Nd4 35.
Rd3 Qf8 36.Qd2 Bh6 37.Qd1 Bf4+ 38.Bg3 Qh6 39.Bxf4 Qxf4+ 40.Kh1 Ra8 41.Ne2 
Qh6 42.Nxd4 exd4 43.Qc2 Rc8 44.Qc5 1/2-1/2

[Event "EU-chT Seniors 04th"]
[Site "Dresden"]
[Date "2002.02.27"]
[Round "4.3"]
[White "Wade, Robert Graham"]
[Black "Netz, Siegfried"]
[Result "1/2-1/2"]
[WhiteElo "2224"]
[BlackElo "1936"]
[EventDate "2002.02.25"]
[PlyCount "92"]

1.e4 c5 2.b3 Nc6 3.Bb2 d6 4.f4 e6 5.Nf3 Nf6 6.Nc3 Be7 7.Bb5 Bd7 8.O-O O-O 
9.d3 a6 10.Bxc6 Bxc6 11.Qe2 Qc7 12.Rae1 Rfe8 13.Kh1 d5 14.e5 Nd7 15.Ng5 
Nf8 16.Qh5 Bxg5 17.Qxg5 b5 18.Ne2 d4 19.Ng3 Qd8 20.Qg4 Ng6 21.Ne4 Bxe4 22.
Rxe4 Nh4 23.Bc1 Rc8 24.Qe2 Qd5 25.Kg1 c4 26.Qf2 cxd3 27.cxd3 Nf5 28.g4 Ne3
29.Bxe3 dxe3 30.Qxe3 Rc3 31.Rd4 Qc5 32.b4 Qb6 33.Rf2 g6 34.Re2 Rec8 35.Kf2
Rc2 36.f5 Rxe2+ 37.Kxe2 Rc2+ 38.Kf3 exf5 39.gxf5 Rxh2 40.Kg3 Rh5 41.f6 
Rg5+ 42.Qxg5 Qxd4 43.Kg2 Qxd3 44.Qh6 Qe2+ 45.Kg1 Qg4+ 46.Kh2 Qe2+ 1/2-1/2

[Event "EU-chT Seniors 04th"]
[Site "Dresden"]
[Date "2002.02.27"]
[Round "4.3"]
[White "Weise, Wolfgang"]
[Black "Niedermayr, Horst"]
[Result "1/2-1/2"]
[WhiteElo "2198"]
[BlackElo "2172"]
[EventDate "2002.02.25"]
[PlyCount "47"]

1.d4 c5 2.e3 e6 3.Nf3 Nf6 4.c4 Be7 5.Nc3 O-O 6.Be2 d6 7.O-O b6 8.b3 Bb7 9.
Bb2 a6 10.Nd2 Qc7 11.Bf3 Nbd7 12.Rc1 Rad8 13.Bxb7 Qxb7 14.Qf3 Qxf3 15.Nxf3
Rfe8 16.Rcd1 Bf8 17.Rd2 Rc8 18.Rfd1 Rc7 19.e4 cxd4 20.Nxd4 Nc5 21.f3 Nb7 
22.Kf1 Rec8 23.Na4 Nd7 24.Nc3 1/2-1/2

[Event "EU-chT Seniors 04th"]
[Site "Dresden"]
[Date "2002.02.27"]
[Round "4.4"]
[White "Barnstedt, Dietrich"]
[Black "Langenfeld, Heinz"]
[Result "1-0"]
[WhiteElo "2085"]
[BlackElo "1909"]
[EventDate "2002.02.25"]
[PlyCount "46"]

1.d4 d5 2.Nf3 e6 3.e3 c5 4.c3 Nc6 5.Bd3 Nf6 6.Nbd2 Bd7 7.Ne5 c4 8.Bc2 b5 
9.Qf3 Be7 10.O-O a5 11.Re1 O-O 12.e4 dxe4 13.Nxe4 Nxe5 14.Nxf6+ Bxf6 15.
dxe5 Be7 16.Qh3 g6 17.Bh6 Re8 18.Rad1 Qc7 19.Qg3 Bc6 20.h4 Bf8 21.Bxf8 
Kxf8 22.h5 Rad8 23.Rd6 Qe7 1-0

[Event "EU-chT Seniors 04th"]
[Site "Dresden"]
[Date "2002.02.27"]
[Round "4.4"]
[White "Daniel, Wolfgang"]
[Black "MacDonald Ross, Michael"]
[Result "1/2-1/2"]
[WhiteElo "1871"]
[BlackElo "2170"]
[EventDate "2002.02.25"]
[PlyCount "38"]

1.e4 d6 2.d4 Nf6 3.Nc3 c6 4.Nf3 Bg4 5.h3 Bh5 6.Bd3 e6 7.Qe2 d5 8.e5 Nfd7 
9.g4 Bg6 10.Bd2 a6 11.h4 Bxd3 12.Qxd3 c5 13.Ne2 cxd4 14.Nexd4 Nc6 15.Nxc6 
bxc6 16.O-O Nc5 17.Qe2 Ne4 18.Be3 g6 19.Rfd1 Be7 1/2-1/2

[Event "EU-chT Seniors 04th"]
[Site "Dresden"]
[Date "2002.02.27"]
[Round "4.4"]
[White "Fehres, Werner"]
[Black "Prelovskij, Rudolf"]
[Result "0-1"]
[WhiteElo "2104"]
[BlackElo "2208"]
[EventDate "2002.02.25"]
[PlyCount "98"]

1.e4 c5 2.f4 e6 3.c3 Nf6 4.d3 d5 5.e5 Nfd7 6.Nf3 Nc6 7.g3 Be7 8.Qe2 O-O 9.
b3 a5 10.a4 Qb6 11.Nbd2 Re8 12.Bh3 Nf8 13.Rb1 f6 14.O-O Bd7 15.Kh1 Ng6 16.
Bb2 fxe5 17.fxe5 Rf8 18.d4 cxd4 19.cxd4 Rac8 20.Rfc1 Nb4 21.Ne1 Na2 22.
Rxc8 Rxc8 23.Qd3 Nb4 24.Qe2 Bg5 25.Ndf3 Bh6 26.Ba3 Rc3 27.Bg2 Qc7 28.Qd1 
Qd8 29.Bb2 Rc8 30.h4 Ne7 31.Qe2 Nf5 32.Kh2 Na2 33.Qd3 Be3 34.g4 Bf4+ 35.
Kg1 Nb4 36.Qe2 Ng3 37.Qd1 Ne4 38.Bf1 Be3+ 39.Kg2 Nf2 40.Qe2 Nxg4 41.Ng5 h5
42.Ngf3 Qe7 43.Qd1 Qf8 44.Bd3 Qf4 45.Qe2 Be8 46.Rd1 Nf2 47.Ng5 Nxd1 48.
Bh7+ Kh8 49.Qxd1 Qf2+ 0-1

[Event "EU-chT Seniors 04th"]
[Site "Dresden"]
[Date "2002.02.27"]
[Round "4.4"]
[White "Jaeger, Erich"]
[Black "Mueckan, Friedbert"]
[Result "0-1"]
[WhiteElo "1828"]
[BlackElo "2000"]
[EventDate "2002.02.25"]
[PlyCount "88"]

1.c4 Nf6 2.d4 g6 3.Nc3 Bg7 4.e4 d6 5.Be2 O-O 6.Bg5 c6 7.Qd2 Qc7 8.Nf3 Bg4 
9.O-O e5 10.d5 c5 11.h3 Bxf3 12.Bxf3 a6 13.a4 b6 14.Ra3 Nbd7 15.Rfa1 Rfb8 
16.Qe2 Qb7 17.a5 bxa5 18.Rxa5 Bf8 19.R1a2 Ne8 20.Bg4 Ndf6 21.Bf3 Bg7 22.h4
Nc7 23.g4 Qc8 24.Bxf6 Bxf6 25.g5 Bg7 26.h5 Qd8 27.Qe3 Bf8 28.hxg6 hxg6 29.
Bg4 Be7 30.f4 exf4 31.Qxf4 Bxg5 32.Qg3 Bf6 33.Nd1 Bd4+ 34.Kg2 Qe7 35.R5a3 
Kg7 36.Nf2 Rxb2 37.Rxb2 Bxb2 38.Rb3 Be5 39.Qf3 Ne8 40.Nd3 Nf6 41.Nxe5 Qxe5
42.Rb7 Qg5 43.Kh3 Rh8+ 44.Kg3 Rh4 0-1

[Event "EU-chT Seniors 04th"]
[Site "Dresden"]
[Date "2002.02.27"]
[Round "4.4"]
[White "Lieb, Harald"]
[Black "Shabanov, Yuri"]
[Result "1/2-1/2"]
[WhiteElo "2300"]
[BlackElo "2463"]
[EventDate "2002.02.25"]
[PlyCount "35"]

1.d4 d5 2.Nf3 Nf6 3.c4 c6 4.Nc3 e6 5.g3 Be7 6.Bg2 O-O 7.O-O Nbd7 8.b3 b6 
9.Bb2 Bb7 10.Rc1 Rc8 11.cxd5 cxd5 12.Ne5 Ne4 13.Nxd7 Qxd7 14.Qd3 Nxc3 15.
Rxc3 Rxc3 16.Qxc3 a5 17.Rc1 Rc8 18.Qe3 1/2-1/2

[Event "EU-chT Seniors 04th"]
[Site "Dresden"]
[Date "2002.02.27"]
[Round "4.4"]
[White "Neese, Hans Joachim"]
[Black "Ofstad, Per"]
[Result "1-0"]
[WhiteElo "2136"]
[BlackElo "2196"]
[EventDate "2002.02.25"]
[PlyCount "47"]

1.d4 d5 2.Nf3 Nf6 3.c4 c6 4.e3 e6 5.Nc3 Nbd7 6.Qb3 Bd6 7.Bd2 O-O 8.Be2 Ne4
9.Rd1 Qe7 10.g3 f5 11.O-O g5 12.Ne1 Ndf6 13.Ng2 b6 14.f3 Nxd2 15.Rxd2 Bb7 
16.f4 h6 17.Ne1 Rac8 18.Nf3 g4 19.Ne5 Bxe5 20.fxe5 Nd7 21.a3 Rfd8 22.cxd5 
cxd5 23.Nb5 Rc7 $4 24.Nxc7 1-0

[Event "EU-chT Seniors 04th"]
[Site "Dresden"]
[Date "2002.02.27"]
[Round "4.4"]
[White "Neubert, Gerhard"]
[Black "Flockhart, Hugh"]
[Result "1-0"]
[WhiteElo "1876"]
[BlackElo "1584"]
[EventDate "2002.02.25"]
[PlyCount "95"]

1.f4 e5 2.fxe5 d6 3.Nf3 dxe5 4.e4 Bg4 5.Bc4 Bh5 6.c3 Nd7 7.O-O Ngf6 8.Qe1 
Be7 9.d4 O-O 10.Nxe5 Nxe5 11.dxe5 Ng4 12.e6 Bc5+ 13.Kh1 Nf2+ 14.Rxf2 Bxf2 
15.Qxf2 fxe6 16.Qe1 Qd6 17.Be3 Rad8 18.Nd2 Qc6 19.Be2 Bg6 20.Bf3 Qb5 21.
Nb3 Qc4 22.Nc5 e5 23.Bd1 Bf7 24.Bb3 Qb5 25.Ne6 Bxe6 26.Bxe6+ Kh8 27.b3 Rd6
28.Bc4 Qc6 29.Bd5 Qb5 30.c4 Qa6 31.Bc5 Rfd8 32.Bxd6 Qxd6 33.Rc1 c6 34.c5 
Qf6 35.Bc4 Rd4 36.Rd1 Qf4 37.Rxd4 exd4 38.Qf1 g5 39.Qxf4 gxf4 40.Kg1 Kg7 
41.Kf2 Kf6 42.Kf3 Ke5 43.g3 fxg3 44.hxg3 h6 45.Bd3 b6 46.cxb6 axb6 47.Kg4 
Kf6 48.Kh5 1-0

[Event "EU-chT Seniors 04th"]
[Site "Dresden"]
[Date "2002.02.27"]
[Round "4.4"]
[White "Tritzschler, Helmut"]
[Black "Mauersberger, Hermann"]
[Result "1/2-1/2"]
[WhiteElo "1826"]
[BlackElo "2010"]
[EventDate "2002.02.25"]
[PlyCount "30"]

1.e4 e5 2.Nf3 Nf6 3.Nc3 Nc6 4.d3 d5 5.exd5 Nxd5 6.Nxd5 Qxd5 7.Be2 Be7 8.
O-O O-O 9.Bg5 f6 10.Be3 Bg4 11.Nxe5 Qxe5 12.Bxg4 f5 13.Bf3 Bd6 14.g3 Qxb2 
15.Bd5+ Kh8 1/2-1/2

[Event "EU-chT Seniors 04th"]
[Site "Dresden"]
[Date "2002.02.27"]
[Round "4.4"]
[White "Winiwarter, Felix"]
[Black "Groiss, Karl"]
[Result "1-0"]
[WhiteElo "2188"]
[BlackElo "1821"]
[EventDate "2002.02.25"]
[PlyCount "55"]

1.e4 c5 2.Nf3 e6 3.d4 cxd4 4.c3 dxc3 5.Nxc3 Nc6 6.Bc4 a6 7.O-O Bc5 8.Qe2 
Nge7 9.Bf4 Ng6 10.Bg3 O-O 11.e5 Qe7 12.Rfd1 b5 13.Bb3 Bb7 14.Ne4 Rad8 15.
Rac1 Bb6 16.h4 Na5 17.h5 Nxb3 18.axb3 Nh8 19.Bh4 f6 20.h6 Ng6 21.hxg7 Nxh4
22.gxf8=Q+ Rxf8 23.Nxh4 Bxe4 24.Qxe4 fxe5 25.Nf3 Qg7 26.Qb7 Bd4 27.Nxd4 
exd4 28.Rc8 1-0

[Event "EU-chT Seniors 04th"]
[Site "Dresden"]
[Date "2002.02.28"]
[Round "5.1"]
[White "Biebinger, Gerhard"]
[Black "Turikov, Viktor"]
[Result "1/2-1/2"]
[WhiteElo "2383"]
[BlackElo "2351"]
[EventDate "2002.02.25"]
[PlyCount "108"]

1.d4 b6 2.e4 Bb7 3.Nc3 e6 4.Nf3 Bb4 5.Bd3 Nf6 6.Bg5 h6 7.Bxf6 Bxc3+ 8.bxc3
Qxf6 9.O-O d6 10.Nd2 g5 11.Nc4 Nd7 12.Re1 e5 13.Bf1 O-O 14.Qg4 Rad8 15.
Rad1 Rfe8 16.f3 Nf8 17.Ne3 Ne6 18.Nf5 Ng7 19.Ne3 c6 20.Qg3 Ne6 21.Ng4 Qg7 
22.dxe5 dxe5 23.Qxe5 Qxe5 24.Nxe5 f6 25.Ng4 Kg7 26.Ne3 Nc5 27.Nf5+ Kh7 28.
Rd4 Ne6 29.Rd6 Rxd6 30.Nxd6 Re7 31.Rd1 Nc5 32.Nxb7 Nxb7 33.Kf2 Kg7 34.Bc4 
b5 35.Be2 Kf7 36.g3 Nc5 37.Bf1 g4 38.Rd4 gxf3 39.Kxf3 Ne6 40.Rd6 Ng5+ 41.
Kg4 Rxe4+ 42.Kh5 Re5 43.Rxc6 Nf3+ 44.Kxh6 Nxh2 45.Rc7+ Kf8 46.Bh3 Rg5 47.
Rxa7 Nf3 48.Be6 Ne5 49.g4 Nxg4+ 50.Bxg4 Rxg4 51.Rb7 Rg5 52.c4 bxc4 53.a4 
c3 54.Rc7 Ra5 1/2-1/2

[Event "EU-chT Seniors 04th"]
[Site "Dresden"]
[Date "2002.02.28"]
[Round "5.1"]
[White "Delander, Adolf"]
[Black "Littlewood, John Eric"]
[Result "1/2-1/2"]
[WhiteElo "2252"]
[BlackElo "2305"]
[EventDate "2002.02.25"]
[PlyCount "26"]

1.d4 d5 2.Nf3 e6 3.e3 Nd7 4.c4 Ngf6 5.Nbd2 b6 6.cxd5 exd5 7.Bb5 Bd6 8.O-O 
O-O 9.Bc6 Rb8 10.e4 dxe4 11.Nxe4 Nxe4 12.Bxe4 Nf6 13.Bc6 Bd7 1/2-1/2

[Event "EU-chT Seniors 04th"]
[Site "Dresden"]
[Date "2002.02.28"]
[Round "5.1"]
[White "Denda, Ronald"]
[Black "Schmidt, Gerhard"]
[Result "0-1"]
[WhiteElo "1976"]
[BlackElo "2219"]
[EventDate "2002.02.25"]
[PlyCount "129"]

1.e4 c5 2.Nf3 d6 3.d4 cxd4 4.Nxd4 Nf6 5.Nc3 a6 6.Bg5 Nc6 7.Qd2 h6 8.Bxf6 
gxf6 9.Nxc6 bxc6 10.Bc4 Bg7 11.Qd3 Qa5 12.Bb3 O-O 13.O-O f5 14.f3 f4 15.
Rab1 Qc5+ 16.Kh1 a5 17.Na4 Qd4 18.Rfd1 Qxd3 19.Rxd3 Ba6 20.c4 Rab8 21.Rd2 
c5 22.Rc1 Rb4 23.Rcc2 Rfb8 24.Rd3 Bd4 25.g3 fxg3 26.hxg3 Kg7 27.Kg2 Bc8 
28.Nc3 Bd7 29.Nd5 a4 30.Nxb4 axb3 31.axb3 Rxb4 32.g4 Be5 33.Rf2 Rb7 34.Rc2
Kg6 35.Re2 Kg5 36.Rc2 Rb8 37.Re2 Kf4 38.Rc2 h5 39.gxh5 f5 40.Re2 Rg8+ 41.
Kf1 Bd4 42.Rg2 Rh8 43.Rh2 fxe4 44.fxe4 Kxe4 45.Rg3 Kf4 46.Rgg2 Ra8 47.h6 
Bg4 48.Rxg4+ Kxg4 49.h7 Rh8 50.Ke2 Bxb2 51.Kd3 Bf6 52.Ke4 Bh4 53.b4 cxb4 
54.Rb2 Rxh7 55.Rxb4 Rh5 56.Rb2 Rc5 57.Kd3 Kf5 58.Re2 Bf6 59.Re1 Be5 60.
Rf1+ Ke6 61.Rh1 Ra5 62.Rh6+ Kd7 63.Rh4 Bf6 64.Rg4 Kc6 65.Rf4 0-1

[Event "EU-chT Seniors 04th"]
[Site "Dresden"]
[Date "2002.02.28"]
[Round "5.1"]
[White "Eskandary, Jahja"]
[Black "Weber, Bernd"]
[Result "1-0"]
[WhiteElo "2127"]
[BlackElo "2119"]
[EventDate "2002.02.25"]
[PlyCount "120"]

1.e4 e5 2.Nc3 Nc6 3.Bc4 Nf6 4.d3 Bb4 5.Bd2 O-O 6.Nge2 Na5 7.a3 Nxc4 8.dxc4
Bc5 9.O-O d6 10.Bg5 h6 11.Bxf6 Qxf6 12.Na4 Be6 13.Qd3 a6 14.Nxc5 dxc5 15.
b3 Rfd8 16.Qe3 b6 17.Nc3 c6 18.Na4 Rab8 19.Rad1 Qe7 20.Rxd8+ Qxd8 21.Qe2 
Qe7 22.Qe3 Qd6 23.Qd3 Qd4 24.Qf3 Rd8 25.Nxb6 Qb2 26.Na4 Qxc2 27.Nxc5 Bc8 
28.Qe3 a5 29.Qc1 Qa2 30.Qa1 Qe2 31.Qe1 Rd2 32.Qxe2 Rxe2 33.Rd1 Kh7 34.Kf1 
Ra2 35.a4 f5 36.f3 fxe4 37.Nxe4 Rb2 38.Nc5 Bf5 39.Rd6 Bc2 40.Rxc6 Bxb3 41.
Nxb3 Rxb3 42.Rc5 Rb4 43.Rxa5 Rxc4 44.Ra8 e4 45.fxe4 Rxe4 46.a5 Ra4 47.a6 
Ra2 48.a7 Kg6 49.h3 Kh5 50.g3 g6 51.Ke1 Kg5 52.Kd1 Ra3 53.Kc2 Rxg3 54.Rd8 
Ra3 55.a8=Q Rxa8 56.Rxa8 Kh4 57.Ra3 h5 58.Kd2 g5 59.Ke2 g4 60.hxg4 hxg4 
1-0

[Event "EU-chT Seniors 04th"]
[Site "Dresden"]
[Date "2002.02.28"]
[Round "5.1"]
[White "Just, Joachim"]
[Black "Boehnisch, Manfred"]
[Result "0-1"]
[WhiteElo "2198"]
[BlackElo "2354"]
[EventDate "2002.02.25"]
[PlyCount "64"]

1.d4 d5 2.Nf3 Nf6 3.Bg5 c6 4.e3 h6 5.Bxf6 exf6 6.c3 Bg4 7.Nbd2 Bd6 8.Bd3 
Nd7 9.h3 Be6 10.Qc2 O-O 11.Nh4 Re8 12.Nf5 Bf8 13.O-O g6 14.Ng3 f5 15.c4 c5
16.Rac1 Rc8 17.Qb1 cxd4 18.exd4 Bg7 19.cxd5 Bxd5 20.Rxc8 Qxc8 21.Rc1 Qd8 
22.Bb5 a6 23.Ba4 b5 24.Bb3 Ba8 25.a4 Bxd4 26.Qa2 Ne5 27.Ndf1 Bxf2+ 28.Kh2 
Bxg3+ 29.Nxg3 Qd2 30.Bxf7+ Nxf7 31.Rg1 Re1 32.b4 Qxa2 0-1

[Event "EU-chT Seniors 04th"]
[Site "Dresden"]
[Date "2002.02.28"]
[Round "5.1"]
[White "Neukirch, Detlef"]
[Black "Johannessen, Svein"]
[Result "0-1"]
[WhiteElo "2295"]
[BlackElo "2279"]
[EventDate "2002.02.25"]
[PlyCount "74"]

1.e4 e5 2.Nf3 Nc6 3.Bb5 a6 4.Ba4 b5 5.Bb3 Na5 6.O-O d6 7.d4 Nxb3 8.axb3 f6
9.Nc3 Bb7 10.Nh4 Ne7 11.f4 
    ( 11.dxe5 $1 dxe5 12.Qf3 Qd7 13.Rd1 Qe6 14.Nd5 Nxd5 15.exd5 Qf7 16.c4 
    Be7 17.Nf5 Rd8 18.Be3 g6 19.Nh6 $1 Qg7 20.Qg3 $14 {
    Anand,V-Agdestein,S/WchJ Baguio 1987} )
11...exd4 12.Qxd4 d5 13.e5 
    ( 13.exd5 Nxd5 14.Re1+ Kf7 15.f5 Nxc3 16.Qxc3 Bd6 $17 )
13...c5 14.Qd3 
    ( 14.Qxc5 d4 
        ( 14...Ng6 $5 15.Qf2 Nxh4 16.Qxh4 Bc5+ 17.Kh1 O-O )
    15.exf6 )
14...Qb6 15.Qh3 
    ( 15.Nf5 )
15...d4 16.Nd1 
    ( 16.Ne2 )
16...Bc8 17.Qf3 Qc6 18.Qe2 
    ( 18.exf6 Qxf3 19.Nxf3 gxf6 20.b4 Nd5 $15 )
18...f5 19.c3 Be6 20.c4 $2 
    ( 20.cxd4 Bxb3 21.Ne3 cxd4 22.Nexf5 Bc4 23.Qf3 Bxf1 24.Nd6+ Kd7 25.
    Qg4+ Kc7 26.Kxf1 $15 )
20...bxc4 21.bxc4 Qe4 22.Qd2 Bxc4 23.Re1 Qc6 24.Nf2 g6 25.Ra5 $2 Qb6 26.b3
Bxb3 27.Ra3 $2 Be6 28.Nf3 h6 29.Qd3 Nc6 30.Ra1 c4 31.Qd1 Bc5 32.Ba3 Bxa3 
33.Rxa3 O-O 34.Nh4 Kh7 35.g4 d3 36.Qd2 Nd4 37.Qe3 Rab8 0-1

[Event "EU-chT Seniors 04th"]
[Site "Dresden"]
[Date "2002.02.28"]
[Round "5.1"]
[White "Rosen, Willy"]
[Black "Hecht, Hans Joachim"]
[Result "1/2-1/2"]
[WhiteElo "2345"]
[BlackElo "2411"]
[EventDate "2002.02.25"]
[PlyCount "53"]

1.e4 e6 2.d4 d5 3.Nc3 Nc6 4.Nf3 Nf6 5.Bg5 Bb4 6.e5 h6 7.Bd2 Ne4 8.Bd3 Nxd2
9.Qxd2 Bd7 10.a3 Bxc3 11.Qxc3 Qe7 12.b4 a6 13.h4 f6 14.Bg6+ Kd8 15.Qe3 Be8
16.Bxe8 Rxe8 17.O-O-O Kc8 18.Kb2 a5 19.c3 fxe5 20.Nxe5 Nxe5 21.Qxe5 Qf6 
22.f4 Qxe5 23.fxe5 Rf8 24.g3 axb4 25.axb4 h5 26.Ra1 Kd7 27.Kc2 1/2-1/2

[Event "EU-chT Seniors 04th"]
[Site "Dresden"]
[Date "2002.02.28"]
[Round "5.1"]
[White "Stavenhagen, Johannes"]
[Black "Toothill, John"]
[Result "0-1"]
[WhiteElo "1849"]
[BlackElo "2192"]
[EventDate "2002.02.25"]
[PlyCount "58"]

1.d4 Nf6 2.Nf3 g6 3.Nc3 d5 4.Bg5 Bg7 5.Bxf6 exf6 6.e3 O-O 7.Be2 b6 8.h4 
Bb7 9.h5 Nd7 10.hxg6 fxg6 11.Qd2 f5 12.O-O-O Nf6 13.Ng5 Qe7 14.Rdf1 c5 15.
Bf3 Rac8 16.g3 Rfd8 17.Qd1 Ne4 18.Nxh7 cxd4 19.exd4 Nxc3 20.bxc3 Qa3+ 21.
Kb1 Qxc3 22.Qe2 Re8 23.Qd3 Qb4+ 24.Qb3 Qxd4 25.Kc1 Rc3 26.Qb5 Bc6 27.Bxd5+
Qxd5 28.Qxd5+ Bxd5 29.Rh4 Re2 0-1

[Event "EU-chT Seniors 04th"]
[Site "Dresden"]
[Date "2002.02.28"]
[Round "5.1"]
[White "Uhlmann, Wolfgang"]
[Black "Vasiukov, Evgeni"]
[Result "1/2-1/2"]
[WhiteElo "2458"]
[BlackElo "2524"]
[EventDate "2002.02.25"]
[PlyCount "39"]

1.c4 c6 2.d4 d5 3.Nc3 Nf6 4.Nf3 dxc4 5.a4 Bg4 6.e3 e5 7.Bxc4 Bxf3 8.Qxf3 
exd4 9.exd4 Qxd4 10.Qe2+ Be7 11.O-O Nbd7 12.Bg5 Qc5 13.Be3 Qh5 14.Qxh5 
Nxh5 15.Rfe1 Nhf6 16.Bf4 Kf8 17.Rad1 a5 18.g4 h6 19.h4 Nb6 20.Bb3 1/2-1/2

[Event "EU-chT Seniors 04th"]
[Site "Dresden"]
[Date "2002.02.28"]
[Round "5.1"]
[White "Wunderer, Eckart"]
[Black "Walke, Guenter"]
[Result "1-0"]
[WhiteElo "2190"]
[BlackElo "1773"]
[EventDate "2002.02.25"]
[PlyCount "45"]

1.e4 d5 2.Nc3 dxe4 3.Nxe4 e5 4.Bc4 h6 5.Nf3 Bg4 6.Bxf7+ Ke7 7.Bb3 Nc6 8.c3
Nf6 9.Qe2 Qe8 10.Ng3 Rd8 11.h3 Bxf3 12.Qxf3 Qg6 13.O-O Kd7 14.d4 exd4 15.
cxd4 Kc8 16.d5 Na5 17.Bf4 Bd6 18.Rfc1 Rhf8 19.Bxd6 Rxd6 20.Qc3 Qf7 21.Qxa5
Ng4 22.hxg4 Qxf2+ 23.Kh2 1-0